000 00364nam a22000977a 4500
008 180210b xxu||||| |||| 00| 0 eng d
100 _aChristie's Robson Lowe
245 _aThe Ryohei Ishikawa Collection United States Stamps and Covers 1847 - 1869
260 _aNew York
_bChristie's Robson Lowe, New York, Sale RLNY 89 - 7726 PR
_c1993
650 _aUnited States | Hawaii
999 _c2621
_d2621